Ke zdokonalení plánovitého řízení národní hospodárství

Saved in:
Bibliographic Details
Format: Book
Language:Czech
Published: Praha : Svoboda, 1980
Tags: Add Tag
No Tags, Be the first to tag this record!

MARC

LEADER 00000nam a22000003a 4500
001 stu145636
005 20141123012548.5
008 070919s1980------------------------cze-d
040 |a STU  |b slo 
041 0 |a cze 
080 |a 65.011.4 
080 |a 338.244 
245 |a Ke zdokonalení plánovitého řízení národní hospodárství 
260 |a Praha :  |b Svoboda,  |c 1980 
300 |a 158 s 
996 |b E46978  |c E*46978  |l EE06  |s P  |a 0  |w stu145636_0001 
996 |b E46979  |c E*46979  |l EE06  |s P  |a 0  |w stu145636_0002